О назначении профессором Средне-Азиатского Государственного Университета Солдатова Л. К.

Доступно только в Электронных читальных залах Найти на картеНа карте
RUSMARC
00004491nac2a22003133x 450
0010e96f972-4e62-465a-b4e2-d29a3f67e24e
00520230630195000.0
100##$a20230605l19291929k y0rusy50 ca
1010#$arus
102##$aRU
105##$ay z |||||
1222#$ad19290212
$ad19290402
2001#$aО назначении профессором Средне-Азиатского Государственного Университета Солдатова Л. К.
$j12.02.1929 - 02.04.1929
215##$a12 листов
$d36,4 х 24,1
251##$cДело
300##$aЗаголовок дела на папке: О назначении профессором САГУ Солдатова Л. К.
300##$aВ деле обратная нумерация листов
300##$aЛисты: 11, 17 - текст уходит в корешок дела
300##$aЧасть текста машинописная и рукописная, часть - напечатана типографским способом
324##$aВ деле имеются копии отдельных документов
461#0$1001796d4672-8a00-4986-b488-6e42273792cc
$12001
$aЦЕНТРАЛЬНЫЙ ИСПОЛНИТЕЛЬНЫЙ КОМИТЕТ СССР (ЦИК СССР).
$1251
$cФонд
$1852
$gР
$j3316
462#0$10016e6e8ba4-e15f-4ad4-8937-f1e88c150bfe
$12001
$aДела Секретариата Президиума ЦИК Союза ССР. 1929 г.
$vД. 1141
$1251
$cОпись
$1852
$j22
5171#$aО назначении профессором САГУ Солдатова Л. К.
600#1$aСолдатов
$bЛ. К.
60101$3RU\NLR\AUTH\880357276
$aСССР
$bЦИК
60102$3RU\NLR\AUTH\889946709
$aТашкентский университет им. В. И. Ленина
801#0$aRU
$bGA_RF
801#1$aRU
$bГлавНИВЦ
$c20230605
$2rusmarc
801#2$aRU
$bПБ им. Б.Н. Ельцина
$c20230630
$gRCR
$2rusmarc
852##$aГА РФ
$j1141
937##$d185904893
$hГАРФ
035##$aRuPRLIB51072183
856##$uhttp://readingroom.main.prlib.ru/item.aspx?id_node=n185904893&mode=full
Формат отображения